[Event "1st Goa GM Open 2018"]
[Site "Taleigao"]
[Date "2018.10.14"]
[Round "3"]
[White "Malakhatko, Vadim"]
[Black "Sahoo, Utkal Ranjan"]
[Result "1-0"]
[WhiteElo "2552"]
[BlackElo "2332"]
[Annotator "ChessBase"]
[PlyCount "148"]
[EventDate "2018.10.13"]
[EventType "swiss"]
[EventCountry "IND"]
[SourceTitle "playchess.com"]
[Source "ChessBase"]
[SourceQuality "1"]
[TimeControl "5400+30"]

1. c4 {[%emt 0:00:00]} e6 {[%emt 0:01:12]} 2. g3 {[%emt 0:00:00]} Nf6 {[%emt 0:00:09]} 3. Bg2 {[%emt 0:00:00]} d5 {[%emt 0:00:33]} 4. Nf3 {[%emt 0:00:04]} Be7 {[%emt 0:00:17]} 5. O-O {[%emt 0:00:09]} Nbd7 {[%emt 0:01:37]} 6. d4 {[%emt 0:04:43]} O-O {[%emt 0:04:47]} 7. Nc3 {[%emt 0:06:29]} c6 {[%emt 0:06:47]} 8. Nd2 {[%emt 0:00:43]} b6 {[%emt 0:01:50]} 9. e4 {[%emt 0:00:14]} Bb7 {[%emt 0:01:53]} 10. e5 {[%emt 0:17:36]} Ne8 {[%emt 0:00:59]} 11. cxd5 {[%emt 0:00:14]} exd5 {[%emt 0:05:03]} 12. Re1 {[%emt 0:10:24]} Nc7 {[%emt 0:03:41]} 13. Nf1 {[%emt 0:09:15]} f5 {[%emt 0:07:16]} 14. exf6 {[%emt 0:03:13]} Bxf6 {[%emt 0:02:25]} 15. Bf4 {[%emt 0:00:18]} Re8 {[%emt 0:04:41]} 16. Rxe8+ {[%emt 0:00:16]} Nxe8 {[%emt 0:00:04]} 17. Qd3 {[%emt 0:07:38]} Qe7 {[%emt 0:06:16]} 18. Ne3 {[%emt 0:04:27]} Rd8 {[%emt 0:08:05]} 19. Nf5 {[%emt 0:02:46]} Qb4 {[%emt 0:01:35]} 20. Qd2 {[%emt 0:02:01]} Bc8 {[%emt 0:05:09]} 21. Re1 {[%emt 0:08:39]} Nf8 {[%emt 0:06:11]} 22. a3 {[%emt 0:01:50]} Qa5 {[%emt 0:03:46]} 23. Ne7+ {[%emt 0:00:58]} Bxe7 {[%emt 0:02:04]} 24. Rxe7 {[%emt 0:00:06]} Ng6 {[%emt 0:01:57]} 25. Qe3 {[%emt 0:10:18]} Nf6 {[%emt 0:01:59]} 26. Rc7 {[%emt 0:00:08]} Bd7 {[%emt 0:08:05]} 27. Rxd7 {[%emt 0:06:09]} Rxd7 {[%emt 0:01:52]} 28. Qe6+ {[%emt 0:00:04]} Rf7 {[%emt 0:02:58]} 29. Bd6 {[%emt 0:00:11]} Qa6 {[%emt 0:02:15]} 30. Bh3 {[%emt 0:00:07]} Qb7 {[%emt 0:01:14]} 31. Qe3 {[%emt 0:00:42]} Nf8 {[%emt 0:00:51]} 32. f3 {[%emt 0:00:46]} Qa8 {[%emt 0:00:56]} 33. b4 {[%emt 0:01:16]} a5 {[%emt 0:01:52]} 34. b5 {[%emt 0:01:31]} cxb5 {[%emt 0:01:00]} 35. Nxb5 {[%emt 0:00:05]} Qc6 {[%emt 0:00:14]} 36. a4 {[%emt 0:00:55]} Qc2 {[%emt 0:01:35]} 37. Nc3 {[%emt 0:02:37]} h6 {[%emt 0:00:49]} 38. Bf1 {[%emt 0:00:11]} Qb2 {[%emt 0:03:33]} 39. Bb5 {[%emt 0:00:44]} Qa1+ {[%emt 0:00:46]} 40. Kg2 {[%emt 0:00:16]} Qb2+ {[%emt 0:00:21]} 41. Ne2 {[%emt 0:00:43]} Qc2 {[%emt 0:01:02]} 42. h4 {[%emt 0:01:07]} Qg6 {[%emt 0:00:39]} 43. Ba3 {[%emt 0:00:48]} N6d7 {[%emt 0:00:36]} 44. Nf4 {[%emt 0:00:16]} Qc2+ {[%emt 0:00:14]} 45. Kh3 {[%emt 0:00:12]} g5 {[%emt 0:00:41]} 46. Nd3 {[%emt 0:00:32]} Qc8 {[%emt 0:00:27]} 47. Kg2 {[%emt 0:00:24]} gxh4 {[%emt 0:00:18]} 48. g4 {[%emt 0:00:04]} Qc2+ {[%emt 0:00:18]} 49. Kh3 {[%emt 0:00:22]} Qd1 {[%emt 0:00:15]} 50. Ne1 {[%emt 0:00:36]} Nf6 {[%emt 0:00:53]} 51. Bd6 {[%emt 0:00:33]} N8h7 {[%emt 0:00:27]} 52. Bf4 {[%emt 0:00:26]} Qb1 {[%emt 0:00:50]} 53. Bxh6 {[%emt 0:00:14]} Qb4 {[%emt 0:00:36]} 54. Nd3 {[%emt 0:00:21]} Qb1 {[%emt 0:00:26]} 55. Kxh4 {[%emt 0:01:10]} Nf8 {[%emt 0:00:28]} 56. Kg3 {[%emt 0:00:16]} Qh1 {[%emt 0:00:39]} 57. Ne5 {[%emt 0:00:22]} Ne6 {[%emt 0:00:30]} 58. Nxf7 {[%emt 0:00:17]} Kxf7 {[%emt 0:00:12]} 59. Bd3 {[%emt 0:00:54]} Qd1 {[%emt 0:00:24]} 60. Bf4 {[%emt 0:00:57]} Qxa4 {[%emt 0:00:18]} 61. Be5 {[%emt 0:00:34]} Qd1 {[%emt 0:00:48]} 62. Bf5 {[%emt 0:00:22]} Ng7 {[%emt 0:00:31]} 63. Bc8 {[%emt 0:00:17]} Qc2 {[%emt 0:00:45]} 64. Qf4 {[%emt 0:00:38]} Qc6 {[%emt 0:00:29]} 65. Bd7 {[%emt 0:01:03]} Qxd7 {[%emt 0:00:23]} 66. Qxf6+ {[%emt 0:00:06]} Kg8 {[%emt 0:00:02]} 67. Qxb6 {[%emt 0:00:07]} a4 {[%emt 0:00:07]} 68. Qa6 {[%emt 0:00:34]} Ne6 {[%emt 0:01:18]} 69. f4 {[%emt 0:00:15]} Qe8 {[%emt 0:00:10]} 70. f5 {[%emt 0:00:50]} Ng5 {[%emt 0:00:29]} 71. Qh6 {[%emt 0:00:25]} Qe7 {[%emt 0:00:33]} 72. Kf4 {[%emt 0:00:39]} a3 {[%emt 0:00:21]} 73. Qg6+ {[%emt 0:00:27]} Kf8 {[%emt 0:00:08]} 74. Bd6 {[%emt 0:00:11]} Nh3+ {[%emt 0:00:57] Ke4} 1-0

[Event "1st Goa GM Open 2018"]
[Site "Taleigao"]
[Date "2018.10.14"]
[Round "3"]
[White "Ter-Sahakyan, Samvel"]
[Black "Jubin Jimmy"]
[Result "1-0"]
[WhiteElo "2547"]
[BlackElo "2308"]
[Annotator "TA"]
[PlyCount "37"]
[EventDate "2018.10.13"]
[EventType "swiss"]
[EventCountry "IND"]
[SourceTitle "playchess.com"]
[Source "ChessBase"]
[SourceQuality "1"]

{[%evp 9,37,24,72,70,63,60,75,81,91,77,169,185,212,201,248,252,500,492,559,575,625,616,567,577,29985,2001,29986,29987,29987,29988]} 1. d4 Nf6 2. c4 e6 3. Nf3 Bb4+ 4. Nbd2 Qe7 5. g3 Nc6 (5... O-O 6. Bg2 d6 7. O-O e5 8. e4 Bxd2 9. Qxd2 Bg4 10. Nh4 exd4 11. Qxd4 Nc6 12. Qc3 Qe5 13. Bd2 Nd4 14. Kh1 Nc6 {1-0 (40) Dubov,D (2666)-Demidov,M (2521) Sochi 2017}) 6. Bg2 {E11: Bogo-Indian} d6 7. O-O Bxd2 8. Qxd2 {White is better.} e5 9. b4 $146 {[%cal Bb2b4,Bb4b5][%mdl 32]} ({Predecessor:} 9. b3 O-O 10. d5 Nb8 11. Nh4 Re8 12. e4 Nbd7 {1-0 (31) Khmelniker,I (2444)-Gutman,G (2509) Pardubice 2004}) 9... Bg4 (9... O-O $16) 10. dxe5 $18 dxe5 11. b5 Nd8 12. Qc3 {Ba3 is the strong threat.} e4 $2 (12... Ne4 {was called for.} 13. Qxe5 f6 14. Qxe7+ Kxe7) 13. Ba3 Qe6 14. Ng5 Qf5 {[#]} 15. Nxe4 $1 {[%mdl 512]} Nxe4 16. Qxg7 Bxe2 17. Qxh8+ Kd7 18. Bxe4 Qxe4 {[#]} 19. Rad1+ $1 {Precision: White = 88%, Black = 27%.} 1-0

[Event "1st Goa GM Open 2018"]
[Site "Taleigao"]
[Date "2018.10.14"]
[Round "3"]
[White "Deepan Chakkravarthy J."]
[Black "Deshmukh, Anup"]
[Result "1-0"]
[WhiteElo "2540"]
[BlackElo "2267"]
[Annotator "TA"]
[PlyCount "111"]
[EventDate "2018.10.13"]
[EventType "swiss"]
[EventCountry "IND"]
[SourceTitle "playchess.com"]
[Source "ChessBase"]
[SourceQuality "1"]

{[%evp 14,111,50,0,16,8,25,20,25,-16,0,-33,-33,-34,27,23,73,63,63,64,52,20,177,156,129,97,115,141,265,27,39,39,147,160,164,158,160,133,192,47,36,51,62,57,70,54,73,48,36,45,83,68,146,31,24,32,16,22,19,19,72,65,72,68,70,68,64,63,145,72,159,43,134,81,110,108,116,102,102,113,108,120,127,123,189,198,207,207,197,195,177,175,219,218,812,812,761,731,729,719]} 1. d4 Nf6 2. c4 g6 3. Nc3 Bg7 4. e4 d6 5. Be2 O-O 6. Bg5 c6 7. Qd2 a6 {[%cal Ba7a6,Ba6b5,Bb5b4][%mdl 32]} 8. a4 {LiveBook: 15 Partien} Nbd7 {E73: Königsindisch (Awerbach-Angriff)} (8... e5 9. dxe5 dxe5 10. Qxd8 Rxd8 11. a5 Be6 12. Nf3 Nbd7 13. Nd2 Nc5 14. Na4 Nxa4 15. Rxa4 c5 16. f3 {½-½ (33) Vorobiov,E (2574)-Levin,E (2465) Pardubice 2011}) 9. a5 Rb8 $146 ({Vorgänger:} 9... b5 10. axb6 Qxb6 11. Nf3 c5 12. d5 Rb8 13. Rb1 Re8 14. O-O Qb4 15. h3 Nb6 16. Qc2 {1-0 (43) Nikolac,J (2445)-Marinkovic,S (2375) Makarska 1994}) 10. Nf3 b5 {Weiss muss nun ...b4 beachten.Die Stellung ist ausgeglichen.} 11. cxb5 (11. axb6 $5 Qxb6 12. b4 $11) 11... axb5 12. Bd3 b4 13. Ne2 e5 (13... c5 $15) 14. O-O $11 {Mit der Idee Tfc1.} Qc7 15. Rfc1 $36 {[%mdl 2048] Weiss kämpft um Vorteil.} Re8 16. a6 Qb6 17. dxe5 dxe5 $2 (17... Nxe5 $11 {und Schwarz ist OK.} 18. Nxe5 Rxe5) 18. Be3 $1 $18 {[%cal Re3b6]} c5 19. Qc2 Bf8 20. Bc4 h6 (20... Ng4 $16 {kämpft weiter.}) 21. Ra4 $2 (21. Qb3 $18 Re7 22. Nh4) 21... Qa7 22. Ra5 Kg7 (22... Ng4 $1 $14) 23. Ng3 $16 Ng4 24. Bd2 $1 Nb6 25. Bb5 Bd7 (25... Nd7 $16) 26. Bxd7 (26. Be2 $1 $18) 26... Nxd7 $14 27. h3 Ngf6 $1 28. Rca1 Rb6 29. Be3 Ree6 {[%cal Rb6a6]} 30. Qd3 (30. Qc4 {keeps more tension.} Rbc6 31. b3 Kg8 32. Nf1 Nb6 33. Qd3) 30... Kg8 31. Nd2 h5 32. Ngf1 Rec6 (32... Be7 $14) 33. Nh2 (33. Nf3 $1 $16) 33... Nb8 $1 34. Nc4 Rxa6 35. Nf3 Nfd7 36. Qd5 Qc7 (36... Nf6 $1 $11 {bleibt in der Remisbreite.} 37. Qd8 (37. Qxe5 Re6 $14) 37... Rxa5 38. Rxa5 Qc7 39. Qxc7 Rxc7) 37. Rxa6 $16 ({Doch nicht} 37. Ncxe5 Nxe5 38. Nxe5 Rxa5 $15) 37... Rxa6 38. Rxa6 Nxa6 39. Nfxe5 Nxe5 40. Nxe5 Kg7 (40... b3 $14 41. Nc4 Qc8) 41. g4 (41. Bf4 $142 f6 42. Nd3 (42. Nxg6 Qf7 $16)) 41... hxg4 (41... Qe7 $142) 42. hxg4 (42. Nxg4 $16 {Und Lh6+ würde nun gewinnen.} Be7 43. Bh6+ Kg8 44. Bc1) 42... f6 ({Lieber} 42... Qe7 $14) 43. Nc4 ({Günstiger ist} 43. Nd3 $1) 43... Qf7 44. Bh6+ Kg8 {...Dxd5 ist eine echte Drohung.} 45. Qd8 {zielt auf Dc8 ab.} Nc7 46. Bxf8 Ne6 47. Qc8 Nxf8 48. Qxc5 Qd7 (48... Ne6 $16 49. Qd5 (49. Qxb4 Ng5 $16) 49... Nf4) 49. Qd5+ $18 Kg7 {[#]} 50. Qxd7+ $1 Nxd7 {[%mdl 4096] Endspiel KS-KS} 51. Kg2 Nc5 52. Kf3 Kf7 {[#]} 53. Ke3 $1 f5 $2 (53... Ke6 54. f4 Kf7) 54. gxf5 {Weiß steht klar auf Gewinn.} gxf5 55. Nd6+ Kf6 56. Nxf5 {Precision: Weiß = 56%, Schwarz = 35%.} 1-0

[Event "1st Goa GM Open 2018"]
[Site "Taleigao"]
[Date "2018.10.14"]
[Round "3"]
[White "Stany, G.A."]
[Black "Karthik Kumar Pradeep"]
[Result "1-0"]
[WhiteElo "2502"]
[BlackElo "2265"]
[Annotator "RC"]
[PlyCount "45"]
[EventDate "2018.10.13"]
[EventType "swiss"]
[EventCountry "IND"]
[SourceTitle "playchess.com"]
[Source "ChessBase"]
[SourceQuality "1"]
[TimeControl "5400+30"]

1. e4 {[%emt 0:00:00]} c5 {[%emt 0:00:04]} 2. Nf3 {[%emt 0:00:00]} e6 {[%emt 0:00:16]} 3. d4 {[%emt 0:00:00]} cxd4 {[%emt 0:00:04]} 4. Nxd4 {[%emt 0:00:00]} Nc6 {[%emt 0:00:08]} 5. Nc3 {[%emt 0:00:00]} Qc7 {[%emt 0:00:05]} 6. f4 {[%emt 0:00:00]} a6 {[%emt 0:00:58]} 7. Nxc6 {[%emt 0:00:07]} bxc6 {[%emt 0:00:30]} 8. Bd3 {[%emt 0:00:05]} d6 {[%emt 0:12:02]} 9. O-O {[%emt 0:03:49]} Nf6 {[%emt 0:00:09]} 10. b3 {[%emt 0:01:29]} Be7 {[%emt 0:00:53]} 11. Bb2 {[%emt 0:00:04]} e5 {[%emt 0:03:30]} 12. Na4 {[%emt 0:02:10]} O-O {[%emt 0:03:56]} 13. Qf3 {[%emt 0:03:58]} exf4 {[%emt 0:20:28]} 14. Qxf4 {[%emt 0:00:09]} Ng4 {[%emt 0:00:30]} 15. Bc4 {[%emt 0:02:00]} Bf6 {[%emt 0:00:09]} 16. Bxf6 {[%emt 0:00:59]} Nxf6 {[%emt 0:00:01]} 17. Rad1 {[%emt 0:00:38]} Rd8 {[%emt 0:01:02]} 18. e5 {[%emt 0:05:15]} dxe5 {[%emt 0:02:26]} 19. Qxe5 {[%emt 0:00:20]} Qa7+ {[%emt 0:00:02]} 20. Qc5 {[%emt 0:00:16]} Rxd1 {[%emt 0:08:07]} 21. Rxd1 {[%emt 0:00:16]} Nd7 {[%emt 0:00:08]} 22. Qxa7 {[%emt 0:00:08]} Rxa7 {[%emt 0:00:01]} 23. Nb6 {[%emt 0:00:09]} 1-0

[Event "1st Goa GM Open 2018"]
[Site "Taleigao"]
[Date "2018.10.14"]
[Round "3"]
[White "Neverov, Valeriy"]
[Black "Gahan M G"]
[Result "1-0"]
[WhiteElo "2488"]
[BlackElo "2256"]
[Annotator "TA"]
[PlyCount "63"]
[EventDate "2018.10.13"]
[EventType "swiss"]
[EventCountry "IND"]
[SourceTitle "playchess.com"]
[Source "ChessBase"]
[SourceQuality "1"]

{[%evp 22,63,14,-1,10,0,25,30,29,27,44,52,33,47,69,72,90,93,92,100,98,95,89,79,149,147,152,136,140,136,244,252,265,270,813,799,773,766,948,958,1155,956,5918,5584]} 1. d4 Nf6 2. c4 g6 3. Nc3 d5 4. cxd5 Nxd5 5. e4 Nxc3 6. bxc3 Bg7 7. Be3 c5 8. Qd2 Qa5 9. Rc1 cxd4 10. cxd4 Qxd2+ 11. Kxd2 O-O 12. Bb5 {LiveBook: 33 Games} e6 {D85: Exchange Grünfeld: Unusual White 7th moves and lines with 7 Nf3} 13. Ne2 {[#]} Rd8 $146 ({Predecessor:} 13... a6 14. Bd3 Nc6 15. Rc4 Bd7 16. Rhc1 Rac8 {½-½ (16) Nikolov,M (2583)-Lupulescu,C (2638) Albena 2011}) 14. Bg5 f6 {White has an edge.} 15. Be3 Nc6 16. Bxc6 bxc6 17. Rxc6 Bb7 18. Rxe6 {Hoping for Rb1.} Kf7 19. Rb1 Kxe6 20. Rxb7 Rd7 21. d5+ Ke7 22. Rb3 a5 ({Black should play} 22... Rc8) 23. Nd4 $16 a4 24. Rb6 Kf7 25. Ne6 a3 (25... Bf8 $16 {was necessary.} 26. Nxf8 Rxf8) 26. Nxg7 $18 Ra4 27. Kd3 f5 $2 {[#]} (27... Kxg7 28. Bd4 Rf7) 28. Bd4 {White is clearly winning.} fxe4+ 29. Kxe4 Ra5 30. d6 Rg5 31. g3 Rg4+ 32. f4 {Precision: White = 80%, Black = 24%.} 1-0

[Event "1st Goa GM Open 2018"]
[Site "Taleigao"]
[Date "2018.10.14"]
[Round "3"]
[White "Rahman, Ziaur"]
[Black "Abu Sufian, Shakil"]
[Result "1-0"]
[WhiteElo "2473"]
[BlackElo "2247"]
[Annotator "TA"]
[PlyCount "117"]
[EventDate "2018.10.13"]
[EventType "swiss"]
[EventCountry "IND"]
[SourceTitle "playchess.com"]
[Source "ChessBase"]
[SourceQuality "1"]

{[%evp 16,117,26,16,49,59,53,45,54,40,56,36,25,15,58,48,60,50,54,59,64,47,50,46,47,41,158,143,467,41,78,-94,-100,-96,-58,-46,0,0,0,-115,-114,-108,-106,-115,-111,-100,-76,-76,-78,-86,0,-93,0,0,64,75,96,116,113,112,219,14,229,101,183,183,564,267,516,516,529,284,304,326,567,537,586,315,298,299,300,270,447,447,447,440,1388,1420,897,624,1395,1064,1474,1337,1882,1870,3089,2332,5783,4141,29962,4141,4813,4137]} 1. Nf3 Nf6 2. g3 d5 3. Bg2 e6 4. O-O Be7 5. d3 O-O 6. Nbd2 b6 7. e4 dxe4 8. dxe4 Bb7 {A07: Réti Opening: New York and Capablanca Systems} 9. Qe2 {LiveBook: 29 Games} (9. e5 Nfd7 10. Qe2 c5 11. h4 Nc6 12. c3 Qc7 13. Re1 Rfd8 14. Nf1 Nf8 15. h5 h6 16. Bf4 {0-1 (66) Amin,B (2662)-Lalith,B (2587) Doha 2016}) 9... Na6 10. e5 Nd7 {White is slightly better.} 11. Rd1 Qc8 12. Nc4 $146 ({Predecessor:} 12. Nf1 Nac5 13. h4 a5 14. Bg5 Re8 15. Bxe7 Rxe7 16. N1h2 {½-½ (25) Grimm,S (2300)-Elis,V Germany 1991}) 12... Nac5 13. h4 a5 14. Bf4 Be4 15. c3 a4 16. Rd4 Bc6 17. Rad1 {[%cal Ba1d1,Bd1d7,Bd7e7][%mdl 32]} Qb7 18. Ne1 {Hoping for Rxd7!} Bxg2 19. Rxd7 Nxd7 20. Rxd7 {[#]} Bc6 ({Black should try} 20... Bxh4 $1 $14 {[%mdl 512]} 21. Nxg2 (21. gxh4 Bd5) 21... Qc6) 21. Rxe7 $16 Bb5 $2 {[%mdl 8192] [#]} (21... Qb8 $16 {is tougher.}) 22. Nc2 $2 ({Only move:} 22. Bh6 $1 $18 {[%mdl 512] Qg4 is the strong threat.} Qd5 (22... gxh6 23. Qg4+) 23. Qg4 (23. Rxc7 gxh6 24. Qg4+ Kh8 $15)) 22... Qc6 $14 23. N2a3 $2 (23. N2e3 $1 $16 {is forced if you want to stay better.}) 23... Ba6 $17 {[%cal Bb5a6,Ba6b7,Bb7f3][%mdl 1056] Strongly threatening ...Bb7. Black has strong compensation.} 24. Kh2 Rad8 25. Be3 h5 (25... Bb7 $5 26. f3 $8 Rd3 $11) 26. Bd4 Rc8 (26... Bb7 $6 27. f3 $1 $16 {[%mdl 512]}) 27. b3 (27. f4 $11) 27... axb3 (27... Bb7 $6 28. f3 $1 $11 {[%mdl 512]}) 28. axb3 Bb7 {[%csl Gb7][%cal Rc6h1] [#]} 29. f3 $1 Rfd8 $1 (29... Qxf3 30. Qxf3) 30. Be3 Qxf3 31. Qxf3 Bxf3 32. Nb5 Ra8 ({Better is} 32... Rd1 $17 {[%csl Gf3][%cal Rd1h1]} 33. g4 Rd3 34. gxh5 Ra8) 33. Nd2 (33. Nd4 $1 $11 {keeps the balance.} Ra2+ 34. Nd2) 33... Ra2 (33... Rd3 $17 34. Nxf3 Rxe3) 34. Nd4 $11 Ba8 (34... Bg4 $11) 35. Rxc7 $14 Ra1 {[%csl Ga8][%cal Ra1h1]} 36. g4 $1 {[%cal Rg4h5]} hxg4 37. Kg3 Rd5 (37... Ra5 $16) 38. Bf4 $2 ({But not} 38. Kxg4 $6 Rxe5 39. Kf4 f6 $16) (38. Rc8+ $18 Kh7 39. Kf4 (39. Kxg4 Rxe5 40. Kf4 Rh5 $14)) 38... Rda5 $2 {[#]} (38... Rc5 $11 {and Black stays safe.} 39. Rxc5 bxc5) 39. Kxg4 (39. Rc8+ $1 $18 {is the precise move to win.} Kh7 40. Kxg4) 39... Rg1+ {[#]} (39... Rc5 $16 {was worth a try.} 40. Rxc5 Rg1+ 41. Bg3 bxc5) 40. Bg3 $1 $18 {Black must now prevent N2f3.} Ra2 $2 (40... Rc5 {is more resistant.} 41. Rd7 Rc8) 41. Rc8+ Kh7 42. N2f3 Rh1 43. h5 {Intending Ng5+ and mate.} f5+ 44. exf6 {Ng5+ would kill now.} gxf6 $2 (44... Bxf3+ 45. Kxf3 gxf6 46. Nxe6 Rxh5 47. Rc7+ Kg8) 45. Rc7+ Kg8 46. Nxe6 Bxf3+ 47. Kxf3 Rxh5 48. Nf4 Rc5 $2 (48... Rf5 49. Rc6 Rc5) 49. Rxc5 bxc5 50. Nd3 c4 (50... Rc2 $142 51. Be1 c4 52. bxc4 Kf7) 51. bxc4 Ra3 52. Be1 Kf7 53. Ke4 Ke6 54. Kd4 Kf5 55. c5 Kg4 56. c6 f5 57. Bd2 Kf3 58. c7 (58. Ne5+ $142 Kg3 59. c7 Ra8 60. Ng6 Rc8 61. Bf4+ Kg4 62. Ne7 Ra8 63. c8=Q Rxc8 64. Nxc8 Kxf4 65. c4) 58... Ra8 59. Bf4 {Precision: White = 49%, Black = 32%.} 1-0

[Event "1st Goa GM Open 2018"]
[Site "Taleigao"]
[Date "2018.10.14"]
[Round "3"]
[White "Kasparov, Sergey"]
[Black "Ahmed, Sk. Nasir"]
[Result "1-0"]
[WhiteElo "2453"]
[BlackElo "2234"]
[Annotator "TA"]
[PlyCount "119"]
[EventDate "2018.10.13"]
[EventType "swiss"]
[EventCountry "IND"]
[SourceTitle "playchess.com"]
[Source "ChessBase"]
[SourceQuality "1"]

{[%evp 23,119,28,66,4,14,22,90,81,99,63,108,80,98,99,99,91,92,82,110,81,90,105,95,63,85,96,100,88,113,94,109,100,122,29,40,35,58,13,24,0,5,6,127,128,139,147,141,136,134,127,127,123,154,145,162,158,149,148,117,120,206,193,205,200,208,179,188,201,920,706,646,254,587,525,579,574,606,596,633,594,766,765,730,703,805,663,653,627,783,699,782,687,1118,672,914,849,1222,906]} 1. e4 c5 2. Nf3 d6 3. d4 cxd4 4. Nxd4 Nf6 5. f3 e6 6. c4 Be7 7. Nc3 O-O 8. Be3 b6 9. Be2 Bb7 10. O-O Nbd7 11. Qd2 a6 12. a4 Qc7 13. a5 {A31: Symmetrical English: 2 Nf3 Nf6 3 d4} ({White should play} 13. Rfc1 $14) 13... bxa5 $11 14. Nb3 Rfb8 (14... d5 $11 {keeps the balance.}) 15. Nxa5 $16 {White is better.} Ne5 $146 ({Predecessor:} 15... Bc8 16. Rfc1 Ne5 17. Bd4 Bd7 18. b4 Be8 19. Na4 Bd8 20. Bxe5 dxe5 21. c5 Be7 {½-½ (33) Aranovitch,E (2338)-Draoui,N (2361) Paris 2010}) 16. Rfc1 ({Much weaker is} 16. Nxb7 Rxb7 17. Rfc1 Rb3 $11) 16... Rd8 17. Na4 Nfd7 18. b4 Nc6 19. Nxb7 Qxb7 20. Rab1 Rdb8 {[%cal Rc6b4]} 21. b5 axb5 22. cxb5 Nce5 23. Ra1 Rc8 24. Rxc8+ Rxc8 25. Rc1 Nc5 26. Nxc5 dxc5 27. Ra1 h6 28. Qa2 (28. Qa5 $16) 28... Bg5 $1 $11 {[%cal Rg5e3]} 29. Bf2 c4 30. h4 Bf6 31. Rb1 Nd3 32. Qa7 $36 {[%mdl 2048] White has the initiative.} Rb8 (32... Qxa7 $11 33. Bxa7 Rd8) 33. Qxb7 Rxb7 34. Bxd3 $1 cxd3 $16 {[%mdl 4096] Endgame KRB-KRB} 35. Kf1 Kf8 36. b6 Ke8 37. Rb3 Bd8 {[#]} 38. h5 $1 d2 39. Ke2 Kd7 40. Kxd2 Kc6 {[%cal Rd8b6]} 41. Rc3+ Kd7 (41... Kb5 $16 {keeps fighting.}) 42. Rd3+ $18 Kc8 43. Rb3 Rd7+ 44. Ke2 Kb7 {[#]} 45. f4 $1 f5 $2 (45... Be7 46. g4 f6) 46. exf5 exf5 47. Rb5 $2 (47. Rd3 Re7+ 48. Kf3 Bxb6 49. Rb3) 47... Rf7 $2 (47... Kc6 48. Rc5+ (48. Rxf5 Bxb6 49. Bxb6 Kxb6 $16) 48... Kxb6 49. Rxf5+ Kc6) 48. Bd4 {White is clearly winning.} Bf6 49. Be3 Re7 50. Kf3 Re4 51. g4 Ra4 52. Rxf5 Ra3 53. Rd5 Kc6 54. Rd1 Rb3 55. Ke4 Rb5 56. Rc1+ Kd6 57. Rc4 Ke6 58. Bc5 {Strongly threatening Rb4.} Bd8 59. Bd4 Kf7 60. Rc8 {Precision: White = 68%, Black = 33%.} 1-0

[Event "1st Goa GM Open 2018"]
[Site "Taleigao"]
[Date "2018.10.14"]
[Round "3"]
[White "Himanshu, Sharma"]
[Black "Hari Madhavan N B"]
[Result "1-0"]
[WhiteElo "2444"]
[BlackElo "2224"]
[Annotator "TA"]
[PlyCount "47"]
[EventDate "2018.10.13"]
[EventType "swiss"]
[EventCountry "IND"]
[SourceTitle "playchess.com"]
[Source "ChessBase"]
[SourceQuality "1"]

{[%evp 27,47,68,37,56,80,83,81,70,305,341,389,281,732,700,745,733,1144,823,807,797,872,864]} 1. e4 e6 2. d4 d5 3. Nd2 Nf6 4. e5 Nfd7 5. c3 c5 6. f4 Nc6 7. Ndf3 Qb6 8. g3 cxd4 9. cxd4 Be7 10. Kf2 g5 11. fxg5 {C05: French Tarrasch: 3...Nf6 4 e5 Nfd7, 5 f4 and 5 Bd3 sidelines} Ndxe5 12. Nxe5 Nxe5 13. Kg2 Nc6 14. Nf3 Bd7 {LiveBook: 3 Games} (14... Bf8 15. b3 Bg7 16. Bb2 Bd7 17. Rc1 a5 18. a3 Rc8 19. Bd3 O-O 20. Re1 Ne7 21. Rxc8 Rxc8 22. Ne5 Bxe5 23. Rxe5 Ba4 24. Qb1 Qxb3 25. Bxh7+ {½-½ (53) Himanshu,S (2437)-Cruz,C (2533) Badalona 2016}) 15. b4 Qxb4 16. Bd3 Qa5 ({Don't go for} 16... Nxd4 $2 17. Rb1 $18) 17. Qe2 f6 $146 {[#]} (17... Qa4 $14) ({Predecessor:} 17... a6 18. Rb1 b5 {1-0 (32) Dolgov,I (2345)-Sinka,I (2430) LSS email 2011}) 18. Rb1 $18 O-O-O 19. gxf6 Bxf6 $2 (19... Bd6 20. Bh6 Kb8) 20. Bf4 {White is clearly winning.} Rdf8 21. Rhc1 Bd8 22. Rc5 Rxf4 23. gxf4 Qc7 {[#]} 24. Ba6 $1 {[%mdl 512]} 1-0